Textbook of histology / (Record no. 94114)
[ view plain ]
| 000 -LEADER | |
|---|---|
| fixed length control field | 00602nam a22002177a 4500 |
| 003 - CONTROL NUMBER IDENTIFIER | |
| control field | OSt |
| 005 - DATE AND TIME OF LATEST TRANSACTION | |
| control field | 20260506090054.0 |
| 008 - FIXED-LENGTH DATA ELEMENTS--GENERAL INFORMATION | |
| fixed length control field | 260506b |||||||| |||| 00| 0 eng d |
| 020 ## - INTERNATIONAL STANDARD BOOK NUMBER | |
| International Standard Book Number | 9789719818168 |
| 040 ## - CATALOGING SOURCE | |
| Transcribing agency | HS LRC |
| 050 ## - LIBRARY OF CONGRESS CALL NUMBER | |
| Classification number | QM 551 |
| Item number | .G589 2022 |
| 100 ## - MAIN ENTRY--PERSONAL NAME | |
| Personal name | Gonzales, Edwardo G. |
| 9 (RLIN) | 131702 |
| 245 ## - TITLE STATEMENT | |
| Title | Textbook of histology / |
| Statement of responsibility, etc. | Edwardo G. Gonzales, M.D. |
| 250 ## - EDITION STATEMENT | |
| Edition statement | 6th ed. |
| 260 ## - PUBLICATION, DISTRIBUTION, ETC. (IMPRINT) | |
| Place of publication, distribution, etc. | Quezon City : |
| Name of publisher, distributor, etc. | C&E Publishing, |
| Date of publication, distribution, etc. | c2025. |
| 300 ## - PHYSICAL DESCRIPTION | |
| Extent | vii, 551 p. : |
| Other physical details | col. ill. ; |
| Dimensions | 26 cm. |
| 365 ## - TRADE PRICE | |
| Price amount | 945.00 |
| 504 ## - BIBLIOGRAPHY, ETC. NOTE | |
| Bibliography, etc | includes index. |
| 650 ## - SUBJECT ADDED ENTRY--TOPICAL TERM | |
| Topical term or geographic name as entry element | Histology. |
| 9 (RLIN) | 40412 |
| 942 ## - ADDED ENTRY ELEMENTS (KOHA) | |
| Source of classification or shelving scheme | Library of Congress Classification |
| Koha item type | Books |
| Withdrawn status | Lost status | Source of classification or shelving scheme | Damaged status | Not for loan | Collection code | Home library | Current library | Shelving location | Date acquired | Source of acquisition | Cost, normal purchase price | Inventory number | Total Checkouts | Full call number | Barcode | Date last seen | Copy number | Cost, replacement price | Price effective from | Koha item type |
|---|---|---|---|---|---|---|---|---|---|---|---|---|---|---|---|---|---|---|---|---|
| Library of Congress Classification | Faculty Reference Collection | DLSU-D HS Learning Resource Center | DLSU-D HS Learning Resource Center | Faculty Collection | 06/24/2025 | HS LRC SY 2024-2025 | 945.00 | CIR-002594 | QM 551 .G589 2022 | 3HS00000002594 | 05/06/2026 | 002594 | 945.00 | 05/06/2026 | Books |









